[Event "Kerkyra op"]
[Site "Kerkyra"]
[Date "2009.09.13"]
[Round "9"]
[White "Wempe, Juergen"]
[Black "Hreppas, Ilias"]
[Result "1-0"]
[WhiteElo "2176"]
[BlackElo "1784"]
[PlyCount "99"]
[EventDate "2009.09.05"]
[EventType "swiss"]
[EventRounds "9"]
[EventCountry "GRE"]
[SourceTitle "CBM 132 Extra"]
[Source "ChessBase"]
[SourceDate "2009.11.03"]
[SourceVersion "1"]
[SourceVersionDate "2009.11.03"]
[SourceQuality "1"]

1. d4 b5 2. e4 a6 3. a4 Bb7 4. axb5 Bxe4 5. d5 e6 6. Nc3 Bb4 7. Bd2 Bxc3 8. Bxc3 Nf6 9. dxe6 fxe6 10. bxa6 Nxa6 11. Qe2 Bb7 12. Qb5 Nb8 13. Rxa8 Bxa8 14. Bxf6 gxf6 15. Qh5+ Ke7 16. Nf3 Be4 17. Be2 Nc6 18. Nd2 Bg6 19. Qc5+ Kf7 20. c3 Qe7 21. Qe3 Ra8 22. 0-0 Ne5 23. f4 Nc6 24. Bf3 Ra6 25. Rd1 Kg7 26. Ne4 Bxe4 27. Bxe4 f5 28. Bxc6 Rxc6 29. Qd4+ Kg8 30. Qxd7 Qc5+ 31. Kh1 Rd6 32. Qe8+ Kg7 33. Qe7+ Kg8 34. Rd3 Rxd3 35. Qxc5 Rd1+ 36. Qg1 Rxg1+ 37. Kxg1 Kf8 38. Kf2 Ke7 39. Ke3 Kd6 40. Kd4 c5+ 41. Kc4 h5 42. g3 e5 43. fxe5+ Kxe5 44. b4 cxb4 45. cxb4 h4 46. b5 hxg3 47. hxg3 Kd6 48. Kd4 Ke6 49. Kc5 Kd7 50. Kd5 1-0

[Event "Kerkyra op"]
[Site "Kerkyra"]
[Date "2009.09.07"]
[Round "3"]
[White "Trifonas, Spyridon"]
[Black "Hreppas, Ilias"]
[Result "1/2-1/2"]
[WhiteElo "2225"]
[BlackElo "1784"]
[PlyCount "55"]
[EventDate "2009.09.05"]
[EventType "swiss"]
[EventRounds "9"]
[EventCountry "GRE"]
[SourceTitle "CBM 132 Extra"]
[Source "ChessBase"]
[SourceDate "2009.11.03"]
[SourceVersion "1"]
[SourceVersionDate "2009.11.03"]
[SourceQuality "1"]

1. e4 d5 2. exd5 Nf6 3. d4 Nxd5 4. Nf3 Bf5 5. Bc4 e6 6. 0-0 Be7 7. Re1 0-0 8. Nbd2 a5 9. c3 c6 10. a4 Nd7 11. Nf1 Qc7 12. Ng3 Bg6 13. Bxd5 cxd5 14. Qe2 Ra6 15. h4 h6 16. h5 Bh7 17. Ne5 Bd6 18. Nxd7 Qxd7 19. Qf3 Qc7 20. Ne2 Be4 21. Qe3 Re8 22. f3 Bh7 23. Nf4 Re7 24. Bd2 Qc4 25. Qe2 Qc7 26. Qe3 Qc4 27. Qe2 Qc7 28. Qe3 1/2-1/2

[Event "Kerkyra op"]
[Site "Kerkyra"]
[Date "2009.09.05"]
[Round "1"]
[White "Hreppas, Ilias"]
[Black "Romanishin, Oleg M"]
[Result "0-1"]
[WhiteElo "1784"]
[BlackElo "2515"]
[PlyCount "70"]
[EventDate "2009.09.05"]
[EventType "swiss"]
[EventRounds "9"]
[EventCountry "GRE"]
[SourceTitle "CBM 132 Extra"]
[Source "ChessBase"]
[SourceDate "2009.11.03"]
[SourceVersion "1"]
[SourceVersionDate "2009.11.03"]
[SourceQuality "1"]

1. d4 Nf6 2. Nf3 e6 3. Bg5 h6 4. Bxf6 Qxf6 5. e4 g6 6. Bd3 Bg7 7. Nbd2 d6 8. c3 Nd7 9. Nc4 e5 10. dxe5 dxe5 11. Ne3 c6 12. b4 Qe7 13. Qc2 Nf6 14. h3 0-0 15. 0-0 Nh5 16. Kh2 Nf4 17. Bc4 Kh8 18. g4 Qf6 19. Be2 Nxe2 20. Qxe2 Qf4+ 21. Kg1 Qxe4 22. Nh2 Be6 23. Rfe1 Rad8 24. Red1 Bd5 25. f3 Qf4 26. Nxd5 cxd5 27. Rac1 e4 28. fxe4 dxe4 29. c4 Rd3 30. Rxd3 exd3 31. Qf1 Qg3+ 32. Kh1 d2 33. Rd1 Re8 34. Nf3 Bc3 35. Nxd2 Bxd2 0-1

[Event "Leros Artemis Cup 1st"]
[Site "Leros"]
[Date "2009.07.11"]
[Round "1"]
[White "Boros, Denes"]
[Black "Hreppas, Ilias"]
[Result "1-0"]
[WhiteElo "2485"]
[BlackElo "1796"]
[PlyCount "31"]
[EventDate "2009.07.11"]
[EventType "swiss"]
[EventRounds "9"]
[EventCountry "GRE"]
[SourceTitle "CBM 131 Extra"]
[Source "ChessBase"]
[SourceDate "2009.09.03"]
[SourceVersion "2"]
[SourceVersionDate "2009.09.16"]
[SourceQuality "1"]

1. e4 e6 2. d4 a6 3. Nf3 b5 4. Bd3 Bb7 5. 0-0 Nf6 6. Re1 Be7 7. a4 b4 8. Nbd2 c5 9. e5 Nd5 10. Nc4 Qc7 11. Bg5 f5 12. Bxf5 g6 13. Nd6+ Bxd6 14. exd6 Qc6 15. Bxe6 Ne3 16. Bh3 1-0